00719nam a2200157Ia 4500999001700000082001200017100002100029245016500050260006000215300001300275650004200288650003300330650004700363942001200410952013900422 c19395d19395 aRK 0236 aKhan, Nizamuddin 0aRole of dairy farming in generation of rural livelihood and its effects on socio-economic transformation of marginal and small farmers in Aligarh District UPb: c0bIndian Council of Social Science Research, New Delhi avi, 150p aDairy farmingzUttar PradeshzAligarh aFarmersvEconomic conditions aSocial conditionszUttar PradeshzAligarh  cRP2ddc 001040718MIRPaNASSDOCbNASSDOCd2017-09-24eGifted by : RP Division, ICSSRl0oRK 0236p49368r2019-04-18 00:00:00w2019-04-18yRP